| 000 | 00779nam a2200181Ia 4500 | ||
|---|---|---|---|
| 003 | GCL | ||
| 008 | 140319s9999 xx 000 0 ara d | ||
| 040 |
_aGCL / _cGCL |
||
| 082 | 0 | 4 |
_a811.009 _bص ا |
| 100 | 1 | _aالصولى : ابو بكر محمد بن يحيى بن عبدالله بن العباس بن محم | |
| 245 | 1 | 0 |
_aاشعار اولاد الخلفاء و اخبارهم: من كتاب الاوراق / _cالصولى : ابو بكر محمد بن يحيى بن عبدالله بن العباس بن محم |
| 260 |
_a[S.N] : _bدار المسيرة للنشر والتوزيع والطباعة ، _c1982 |
||
| 300 | _a368 ص | ||
| 490 | _a | ||
| 650 | 0 | 4 | _aالشعراء العرب |
| 650 | 0 | 4 | _aالشعر العربى - تاريخ ونقد |
| 942 |
_2ddc _cBK |
||
| 999 |
_c53592 _d53592 |
||